000 00499nam a2200193Ia 4500
003 GCL
008 140319s9999 xx 000 0 ara d
040 _aGCL /
_cGCL
082 0 4 _a239.6
_bم ق
100 1 _aمحمد قطب
245 1 0 _aقبسات من الرسول /
_cمحمد قطب
300 _a194 ص
490 _a
650 0 4 _aالاسلام
650 0 4 _aالسيرة النبوية
650 0 4 _aاخلاق الرسول
650 0 4 _aالحديث - فهارس
942 _2ddc
_cBK
999 _c45147
_d45147